<?xml version="1.0" encoding="UTF-8"?>
<marc:record xmlns:marc="http://www.loc.gov/MARC21/slim">
   <marc:leader>00000nam a2200000 a 4500</marc:leader>
   <marc:datafield ind1="1" ind2=" " tag="100">
      <marc:subfield code="a">Heindl, Ossi</marc:subfield>
      <marc:subfield code="4">aut</marc:subfield>
      <marc:subfield code="e">Verfasser/-in</marc:subfield>
   </marc:datafield>
   <marc:datafield ind1=" " ind2=" " tag="653">
      <marc:subfield code="a">Softcover / Belletristik/Krimis</marc:subfield>
   </marc:datafield>
   <marc:datafield ind1=" " ind2=" " tag="653">
      <marc:subfield code="a">Thriller</marc:subfield>
   </marc:datafield>
   <marc:datafield ind1=" " ind2=" " tag="653">
      <marc:subfield code="a">Spionage</marc:subfield>
   </marc:datafield>
   <marc:datafield ind1=" " ind2=" " tag="653">
      <marc:subfield code="a">Heindl Ossi</marc:subfield>
   </marc:datafield>
   <marc:datafield ind1=" " ind2=" " tag="653">
      <marc:subfield code="a">Max Esterl</marc:subfield>
   </marc:datafield>
   <marc:datafield ind1=" " ind2=" " tag="653">
      <marc:subfield code="a">Max Esterl und die Monsterdrohnen</marc:subfield>
   </marc:datafield>
   <marc:datafield ind1=" " ind2=" " tag="653">
      <marc:subfield code="a">Krimis</marc:subfield>
   </marc:datafield>
   <marc:datafield ind1="0" ind2="0" tag="245">
      <marc:subfield code="a">Max Esterl und die Monsterdrohnen</marc:subfield>
   </marc:datafield>
   <marc:datafield ind1="0" ind2="0" tag="245">
      <marc:subfield code="b">Max Esterls zwölfter Fall – Ein Böhmerwaldkrimi</marc:subfield>
   </marc:datafield>
   <marc:datafield ind1="0" ind2="0" tag="245">
      <marc:subfield code="c">Ossi Heindl</marc:subfield>
   </marc:datafield>
   <marc:datafield ind1=" " ind2="1" tag="264">
      <marc:subfield code="a">Grafenau</marc:subfield>
      <marc:subfield code="b">Ohetaler Verlag</marc:subfield>
   </marc:datafield>
   <marc:datafield ind1=" " ind2=" " tag="250">
      <marc:subfield code="a">Auflage 2025</marc:subfield>
   </marc:datafield>
   <marc:datafield ind1="1" ind2=" " tag="520">
      <marc:subfield code="a">Ossi Heindl

Max Esterl und die Monsterdrohnen

Max Esterls zwölfter Fall – Ein Böhmerwaldkrimi

Der pensionierte Kriminalkommissar Max Esterl will seinen Ruhestand im abgeschiedenen Bayerischen Wald genießen.

Buchstäblich aus heiterem Himmel aber wird der Ex-Kommissar immer wieder von Drohnen attackiert, die ihm das Leben zur Hölle machen. Max Esterl, der schon so viele Fälle im Bayerisch-Böhmischen Grenzgebirge gelöst hat und so viele Verbrecher zur Strecke gebracht hat, wird plötzlich vom Jäger zum Gejagten.

Jetzt braucht Max die Hilfe seiner Freunde.

Die Böhmerwald-Krimis „Max Esterl und das letzte Spiel“ und „Max Esterl und die Rachelnippel“ von Ossi Heindl gehörten 2023 und 2024 jeweils zu den drei Finalisten um die beste deutschsprachige Publikation beim großen Literaturfestival „Sumava Litera“ in Vimperk/Winterberg.

Pressestimme zu Ossi Heindl:

„Wie gewohnt packt Ossi Heindl Seelenbilder der Menschen und der Landschaft mit aktuellen Ereignissen in eine spannende Krimihandlung.“

Hannelore Summer in „Schöner Bayerischer Wald“ Nov./Dez. 2022
</marc:subfield>
   </marc:datafield>
   <marc:datafield ind1=" " ind2=" " tag="020">
      <marc:subfield code="a">9783955111960</marc:subfield>
      <marc:subfield code="9">9783955111960</marc:subfield>
   </marc:datafield>
   <marc:datafield ind1=" " ind2=" " tag="020">
      <marc:subfield code="a">3955111962</marc:subfield>
      <marc:subfield code="9">3955111962</marc:subfield>
   </marc:datafield>
   <marc:datafield ind1=" " ind2=" " tag="041">
      <marc:subfield code="a">ger</marc:subfield>
   </marc:datafield>
   <marc:datafield ind1=" " ind2=" " tag="300">
      <marc:subfield code="a">232 Seiten</marc:subfield>
   </marc:datafield>
</marc:record>
